00820nam a2200241 i 450000100060000000300090000600500170001500800390003201500180007104000350008908000280012410000390015224500330019126000440022430000260026838000170029449000540031165000110036565100340037671000520041083000180046285600980048011902KOSZ 00520220506141521.0070925s1969 pl g 000 0 pol aPB 1969/9105a aWA NcKOSZ 005/RWdKOSZ 005/RW a323(680):323.1(680:=96)1 aSkalski, Ernestd(1935- ).eAutor.10aApartheid /cErnest Skalski. aWarszawa :b"Wiedza Powszechna",c1969. a200, [4] s. ;c18 cm. aKsiążki.1 aOmega : biblioteka wiedzy współczesnej ;v147. 4aRasizm 4aRepublika Południowej Afryki2 aPaństwowe Wydawnictwo Wiedza Powszechna4pbl. 0aOmega ;v147. uhttp://koha.tu.koszalin.pl/cgi-bin/koha/opac-detail.pl?biblionumber=11902yKatalog online BPK